00555nai a2200157Ia 4500003000900000008004100009022002200050022002300072040001600095245005500111260005100166310001400217362002500231521006900256856007200325IN-BaIIA211028c9999 xx s 000 0 eng d a1432-9360 (Print) a1433-0369 (Online) cIIA Library 0aComputing and Visualization in Scienceh[eJournal] aHeidelber, GermanybSpringer Berlin Heidelberg aIrregular a1(1); 1997 - Present bSubscribed through National Knowledge Resource Consortium (NKRC) uhttps://www.springer.com/journal/791yClick Here to Access eJournal